Objective Chemistry for Neet 2022/ (Record no. 185540)

MARC details
000 -LEADER
fixed length control field 00725nam a22002177a 4500
005 - DATE AND TIME OF LATEST TRANSACTION
control field 20220302124440.0
010 ## - LCCN (DPL NO)
LC control number ENG-131388-89
020 ## - INTERNATIONAL STANDARD BOOK NUMBER
International Standard Book Number 9789354497537
Terms of availability 599.00
020 ## - INTERNATIONAL STANDARD BOOK NUMBER
International Standard Book Number 9789354497612
Terms of availability 625.00
035 ## - SYSTEM CONTROL NUMBER
System control number EN-114920-21
037 ## - SOURCE OF ACQUISITION
Source of stock number/acquisition DBAD
082 ## - DEWEY DECIMAL CLASSIFICATION NUMBER
Classification number 540
100 ## - MAIN ENTRY--PERSONAL NAME
Personal name Singhal, A.K.
245 ## - TITLE STATEMENT
Title Objective Chemistry for Neet 2022/
Statement of responsibility, etc A.K. Singhal, U.K. Singhal
250 ## - EDITION STATEMENT
Edition statement 5e Edition
260 ## - PUBLICATION, DISTRIBUTION, ETC. (IMPRINT)
Place of publication, distribution, etc Uttar Pradesh
Name of publisher, distributor, etc Pearson India Education Services
Date of publication, distribution, etc 2022
270 ## - ADDRESS
Address 15th Flooor, Tower-B, World Trade Tower, Plot No. 1, Block-C, Sector-16
City Noida
Postal code 201301
Electronic mail address companysecretary.india@pearson.com
300 ## - PHYSICAL DESCRIPTION
Extent vp.
Dimensions 25cm(pbk)
500 ## - GENERAL NOTE
General note VOLUME 1 TO 2<br/>
942 ## - ADDED ENTRY ELEMENTS (KOHA)
Source of classification or shelving scheme Dewey Decimal Classification
Item type English Books
Classification part 540
Call number suffix SIN
Holdings
Withdrawn status Lost status Materials specified (bound volume or other part) Not for loan Collection code Home library Current library Date acquired Source of acquisition Cost, normal purchase price Full call number Barcode Copy number Cost, replacement price Koha item type
    VOLUME 1   Non-fiction Bawana Bawana 03/02/2022 DBAD/PUB 599.00 540 SIN EN-114920 1 599.00 English Books
    VOLUME 2   Non-fiction Bawana Bawana 03/02/2022 DBAD/PUB 625.00 540 SIN EN-114921 1 625.00 English Books

© Delhi Public Library
Hit Counter
free hit counter